000 00313nam a22001337a 4500
008 170227b xxu||||| |||| 00| 0 eng d
020 _a9780781721455
041 _aeng
080 _a577
100 _a5
101 _aSHMB
245 _aBASIC MEDICAL BIO CHEMISTRY A CLINICAL APPROACH
_cSMITH.C
942 _2udc
_cBK
999 _c6346
_d6346